00390nam a2200133 a 4500008004100000050001600041100002000057245004800077260004400125300001700169350000900186650002700195650003400222120416s1967 ||||||||||||||||| || u aHG 3821 Ozg aOzga, S. Andrew14aThe rate of exchange and the terms of trade aLondonbWeidenfield and Nicholsonc1967 a112p. : ill. a0.00 aFOREIGN EXCHANGE RATES 0aFINANCE--DEVELOPING COUNTRIES